Posúdenie hospodárnosti a efektívnosti investícií do alternatívnych energetických zdrojov podniku bakalárska práca

Salvato in:
Dettagli Bibliografici
Autore principale: Smolková, Slavomíra
Ente Autore: Fakulta podnikového manažmentu EU. Katedra podnikovohospodárska
Altri autori: Štetka, Peter, 1986-
Natura: Libro
Lingua:slovacco
Pubblicazione: Bratislava 2021
Tags: Aggiungi Tag
Nessun Tag, puoi essere il primo ad aggiungerne!!

MARC

LEADER 00000nbm a2200000 4500
001 0275836
005 20211118105818.8
041 0 |a slo 
044 |a SK 
245 1 0 |a Posúdenie hospodárnosti a efektívnosti investícií do alternatívnych energetických zdrojov podniku  |b bakalárska práca  |c Slavomíra Smolková ; školiteľ: Peter Štetka 
264 1 |a Bratislava  |c 2021 
300 |a 38 s. 
100 1 |a Smolková, Slavomíra 
700 1 |a Štetka, Peter, 1986- 
710 2 |a Fakulta podnikového manažmentu EU. Katedra podnikovohospodárska